000 00803cam a22002298i 4500
999 _c7797
_d7797
003 OSt
005 20200521132549.0
008 170801s2017 nju b 001 0 eng
020 _a9781118928776 (pbk.)
042 _apcc
082 0 0 _a720.47GOR
_223
100 1 _aGorgolewski, Mark,
_eauthor.
245 1 0 _aResource salvation :
_bthe architecture of reuse /
_cMark Gorgolewski, Ryerson Polytecnic University, Toronto.
263 _a1711
300 _apages cm
504 _aIncludes bibliographical references and index.
650 0 _aSustainable architecture.
650 0 _aBuildings
_xSalvaging.
650 0 _aBuilding materials
_xRecycling.
776 0 8 _iOnline version:
_aGorgolewski, Mark, author.
_tResource salvation
_dHoboken, NJ : Wiley, 2017
_z9781118928783
_w(DLC) 2017036799
942 _2ddc